[Event "GER-chT U10"]
[Site "Magdeburg"]
[Date "2014.12.27"]
[Round "2.3"]
[White "Dunder, Tim"]
[Black "Augustin, Elias"]
[Result "1-0"]
[WhiteElo "830"]
[BlackElo "879"]
[PlyCount "131"]
[EventDate "2014.12.27"]
[EventType "team-swiss"]
[EventRounds "7"]
[EventCountry "GER"]
[SourceTitle "EXT 2016"]
[Source "ChessBase"]
[SourceDate "2015.10.08"]
[SourceVersion "1"]
[SourceVersionDate "2015.10.08"]
[SourceQuality "1"]
[WhiteTeam "Hohentuebingen"]
[BlackTeam "Oberland"]
[WhiteTeamCountry "GER"]
[BlackTeamCountry "GER"]

1. e4 e5 2. Nf3 Nc6 3. Bb5 a6 4. Bxc6 dxc6 5. Nc3 Nf6 6. Nxe5 Bg4 7. Nxg4 Nxg4 8. Qxg4 Bc5 9. Qxg7 Rf8 10. Qe5+ Be7 11. d3 f6 12. Qe6 Qd6 13. Qxd6 Bxd6 14. Bh6 Rg8 15. 0-0 0-0-0 16. Ne2 Rg6 17. Bf4 Bc5 18. Rad1 Rdg8 19. Ng3 h5 20. h4 Rg4 21. d4 Bb6 22. Bh6 Rxh4 23. Nf5 Rxe4 24. Rfe1 Rge8 25. Rxe4 Rxe4 26. Bg7 Rf4 27. Ne7+ Kb8 28. c3 c5 29. Ng6 Rg4 30. Bxf6 Rxg6 31. Be5 Rg5 32. f4 Rf5 33. Kf1 h4 34. d5 c4 35. d6 cxd6 36. Rxd6 Bc7 37. Rd5 Bxe5 38. Rxe5 Rxf4+ 39. Ke1 Rg4 40. Re8+ Ka7 41. Kf2 Rf4+ 42. Kg1 Rg4 43. Kh2 Rg3 44. Rh8 Rg4 45. Rh5 Re4 46. Kh3 Re2 47. Rxh4 Rxb2 48. Rxc4 Rxa2 49. g4 Ra5 50. Kh4 Re5 51. g5 Re8 52. g6 Rg8 53. Kh5 Rh8+ 54. Kg5 Rg8 55. Rg4 b5 56. Kf6 Rf8+ 57. Kg7 Rd8 58. Kh7 a5 59. g7 a4 60. Rf4 a3 61. Rf8 Rxf8 62. gxf8Q a2 63. Qa3+ Kb6 64. Qxa2 b4 65. cxb4 Kb5 66. Qe6 1-0